|
|
|
|
| LEADER |
00000nam0a2200000 4500 |
| 001 |
220663 |
| 005 |
20231101230343.0 |
| 035 |
|
|
|a (RuTPU)RU\TPU\book\240794
|
| 035 |
|
|
|a RU\TPU\book\240778
|
| 090 |
|
|
|a 220663
|
| 100 |
|
|
|a 20120829d2007 k y0rusy50 ca
|
| 101 |
0 |
|
|a rus
|
| 102 |
|
|
|a RU
|
| 105 |
|
|
|a y z 101zy
|
| 200 |
1 |
|
|a Студент и научно-технический прогресс. Психология
|e материалы 45 Международной научной студенческой конференции, г. Новосибирск, 2007 г.
|f Российская академия наук (РАН), Сибирское отделение (СО) ; Новосибирский государственный университет (НГУ)
|
| 210 |
|
|
|a Новосибирск
|c Изд-во НГУ
|d 2007
|
| 215 |
|
|
|a 150 с.
|
| 320 |
|
|
|a Библиогр. в примеч.
|
| 606 |
1 |
|
|a Психология
|2 stltpush
|3 (RuTPU)RU\TPU\subj\53124
|9 71474
|
| 610 |
1 |
|
|a теория
|
| 610 |
1 |
|
|a история
|
| 610 |
1 |
|
|a психологические исследования
|
| 610 |
1 |
|
|a психология личности
|
| 610 |
1 |
|
|a клиническая психология
|
| 610 |
1 |
|
|a психологическое консультирование
|
| 610 |
1 |
|
|a возрастная психология
|
| 610 |
1 |
|
|a подростки
|
| 610 |
1 |
|
|a педагогическая психология
|
| 610 |
1 |
|
|a высшая школа
|
| 610 |
1 |
|
|a общение
|
| 610 |
1 |
|
|a конференции
|
| 686 |
|
|
|a Ю9л0
|v LBC/SL-A
|2 rubbk
|
| 712 |
0 |
2 |
|a Российская академия наук (РАН)
|b Сибирское отделение (СО)
|c (Новосибирск)
|2 stltpush
|3 (RuTPU)RU\TPU\col\5931
|
| 712 |
0 |
2 |
|a Новосибирский государственный университет (НГУ)
|2 stltpush
|3 (RuTPU)RU\TPU\col\721
|
| 712 |
1 |
2 |
|a Студент и научно-технический прогресс
|b научная студенческая конференция
|d 45
|e Новосибирск
|f 2007
|
| 801 |
|
1 |
|a RU
|b 63413507
|c 20120828
|
| 801 |
|
2 |
|a RU
|b 63413507
|c 20120917
|g RCR
|
| 942 |
|
|
|c BK
|